Heat transfer (Record no. 3641)

000 -LEADER
fixed length control field 00564nam a2200229 a 4500
001 - CONTROL NUMBER
control field 3641
003 - CONTROL NUMBER IDENTIFIER
control field BD-DhUET
008 - FIXED-LENGTH DATA ELEMENTS--GENERAL INFORMATION
fixed length control field 960506s1997 nyua b 001 0 eng
020 ## - INTERNATIONAL STANDARD BOOK NUMBER
International Standard Book Number 0071143203
020 ## - INTERNATIONAL STANDARD BOOK NUMBER
International Standard Book Number 0078447852
040 ## - CATALOGING SOURCE
Original cataloging agency DLC
Transcribing agency DLC
Modifying agency BD-DhUET
082 00 - DEWEY DECIMAL CLASSIFICATION NUMBER
Classification number 621.011
Item number HOL/1997
100 1# - MAIN ENTRY--PERSONAL NAME
Personal name Holman, J. P.
245 10 - TITLE STATEMENT
Title Heat transfer
250 ## - EDITION STATEMENT
Edition statement 8th ed.
260 ## - PUBLICATION, DISTRIBUTION, ETC. (IMPRINT)
Place of publication, distribution, etc. New York
Name of publisher, distributor, etc. McGraw-Hill
Date of publication, distribution, etc. 1997
300 ## - PHYSICAL DESCRIPTION
Extent xviii, 696 p.
Other physical details ill.
490 ## - SERIES STATEMENT
Series statement Schaum's outline series
504 ## - BIBLIOGRAPHY, ETC. NOTE
Bibliography, etc Includes bibliographies
650 #0 - SUBJECT ADDED ENTRY--TOPICAL TERM
Topical term or geographic name as entry element Heat transfer
942 ## - ADDED ENTRY ELEMENTS (KOHA)
Koha item type General Book
Holdings
Lost status Price effective from Date acquired Piece designation (barcode) Not for loan Withdrawn status Koha full call number Koha date last seen Copy number Location (home branch) Sublocation or collection (holding branch) Damaged status Koha out on loan Shelving location Source of classification or shelving scheme Koha date last borrowed Koha normalized classification for sorting Koha item type Koha issues (times borrowed)
 2014-11-032014-11-0392450  621.011/HOL/19972025-04-271Central Library, BUETCentral Library, BUET 2025-05-11Circulation section 2025-04-27621_011000000000000_HOL_1997General Book3
 2014-11-032014-11-0392452  621.011/HOL/19972014-11-032Central Library, BUETCentral Library, BUET  Circulation section  621_011000000000000_HOL_1997General Book 
 2014-11-032014-11-0392453  621.011/HOL/19972016-07-303Central Library, BUETCentral Library, BUET  Circulation section  621_000000000000000_011HOL1997General Book 
 2014-11-032014-11-0392454  621.011/HOL/19972022-06-084Central Library, BUETCentral Library, BUET  Circulation section 2022-01-09621_000000000000000_011HOL1997General Book1
 2014-11-032014-11-0392455  621.011/HOL/19972024-10-285Central Library, BUETCentral Library, BUET  Circulation section 2024-10-02621_000000000000000_011HOL1997General Book2
 2014-11-032014-11-0392457  621.011/HOL/19972024-08-316Central Library, BUETCentral Library, BUET  Circulation section 2023-12-10621_000000000000000_011HOL1997General Book3
 2014-11-032014-11-0392459  621.011/HOL/19972014-11-037Central Library, BUETCentral Library, BUET  Circulation section  621_000000000000000_011HOL1997General Book 
 2014-11-032014-11-0392460  621.011/HOL/19972024-08-288Central Library, BUETCentral Library, BUET  Circulation section 2024-03-12621_011000000000000_HOL_1997General Book1
 2014-11-032014-11-0392461  621.011/HOL/19972024-06-229Central Library, BUETCentral Library, BUET  Circulation section 2024-04-08621_000000000000000_011HOL1997General Book1
 2014-11-032014-11-0392462  621.011/HOL/19972025-03-1210Central Library, BUETCentral Library, BUET  Circulation section 2024-12-10621_000000000000000_011HOL1997General Book5
 2014-11-032014-11-0392464  621.011/HOL/19972017-05-0311Central Library, BUETCentral Library, BUET  Circulation section 2015-03-04621_000000000000000_011HOL1997General Book1
 2014-11-032014-11-0392465  621.011/HOL/19972019-07-1012Central Library, BUETCentral Library, BUET  Circulation section 2019-06-17621_000000000000000_011HOL1997General Book3
 2014-11-032014-11-0392466  621.011/HOL/19972022-06-0813Central Library, BUETCentral Library, BUET  Circulation section 2022-05-24621_000000000000000_011HOL1997General Book3
 2015-04-122015-04-1292468  621.011 HOL/19972015-04-1214Central Library, BUETCentral Library, BUET  Circulation section  621_011000000000000_HOL_1997General Book 
 2015-07-022015-07-0292447  621.011/HOL/19972015-07-0215Central Library, BUETCentral Library, BUET  Reading section  621_011000000000000_HOL_1997Reading Item 
 2015-07-092015-07-0992446  621.011/HOL/19972015-07-0916Central Library, BUETCentral Library, BUET  Reading section  621_011000000000000_HOL_1997Reading Item